Practical Manual of Public Health Dentistry / (Record no. 33904)

MARC details
000 -LEADER
fixed length control field 00477nam a22001697a 4500
005 - DATE AND TIME OF LATEST TRANSACTION
control field 20240305154634.0
008 - FIXED-LENGTH DATA ELEMENTS--GENERAL INFORMATION
fixed length control field 231016b |||||||| |||| 00| 0 eng d
020 ## - INTERNATIONAL STANDARD BOOK NUMBER
ISBN 9789350257098
082 ## - DEWEY DECIMAL CLASSIFICATION NUMBER
Classification number 617
Item number MAR-P
100 ## - MAIN ENTRY--AUTHOR
Author Name Marya, C.M
245 ## - TITLE STATEMENT
Title Practical Manual of Public Health Dentistry /
Statement of responsibility, etc. C M Marya
260 ## - PUBLICATION, DISTRIBUTION, ETC.
Place of Publication India :
Name of publisher, distributor, etc. Jaypee Brothers ;
Date of publication, distribution, etc. 2012 .
300 ## - PHYSICAL DESCRIPTION
Pages 248 p. :
500 ## - GENERAL NOTE
General note Printed in Pakistan
650 ## - SUBJECT ADDED ENTRY--TOPICAL TERM
Subject / Department Dentistry / Medical
300 ## - PHYSICAL DESCRIPTION
-- ill ;
-- 28 cm .
952 ## - LOCATION AND ITEM INFORMATION (KOHA)
-- 0
-- 0
952 ## - LOCATION AND ITEM INFORMATION (KOHA)
-- 0
-- 0
952 ## - LOCATION AND ITEM INFORMATION (KOHA)
-- 0
-- 0
952 ## - LOCATION AND ITEM INFORMATION (KOHA)
-- 0
-- 0
952 ## - LOCATION AND ITEM INFORMATION (KOHA)
-- 0
-- 0
952 ## - LOCATION AND ITEM INFORMATION (KOHA)
-- 0
-- 0
Holdings
Lost status Damaged status Collection code Permanent Location Current Location Shelving Location Date acquired Full Call Number Accession No./Barcode Date last seen Copy number item type Koha item type
    Medical Superior Information Resource Center (SIRC) Superior University- Central Library Superior Information Resource Center (SIRC) Superior University- Central Library Dentistry 10/16/2023 617 MAR-P 2012 20822 10/16/2023 1    
    Medical Superior Information Resource Center (SIRC) Superior University- Central Library Superior Information Resource Center (SIRC) Superior University- Central Library Dentistry 10/16/2023 617 MAR-P 2012 20823 10/16/2023 2    
    Medical Superior Information Resource Center (SIRC) Superior University- Central Library Superior Information Resource Center (SIRC) Superior University- Central Library Dentistry 10/16/2023 617 MAR-P 2012 20824 10/16/2023 3    
    Medical Superior Information Resource Center (SIRC) Superior University- Central Library Superior Information Resource Center (SIRC) Superior University- Central Library Dentistry 11/05/2024 617 MAR-P 2012 29711 11/05/2024 4 BOOK BOOK
    Medical Superior Information Resource Center (SIRC) Superior University- Central Library Superior Information Resource Center (SIRC) Superior University- Central Library Dentistry 11/05/2024 617 MAR-P 2012 29712 11/05/2024 5 BOOK BOOK
    Medical Superior Information Resource Center (SIRC) Superior University- Central Library Superior Information Resource Center (SIRC) Superior University- Central Library Dentistry 11/05/2024 617 MAR-P 2012 29713 11/05/2024 6 BOOK BOOK

Powered by Koha